LIBRARY & INFORMATION CENTRE, KCAET, TAVANUR

ONLINE PUBLIC ACCESS CATALOGUE (OPAC)

Basic Polytechnic Mathematics (Record no. 19027)

MARC details
000 -LEADER
fixed length control field 00407nam a22001697a 4500
003 - CONTROL NUMBER IDENTIFIER
control field OSt
008 - FIXED-LENGTH DATA ELEMENTS--GENERAL INFORMATION
fixed length control field 250115b |||||||| |||| 00| 0 eng d
041 ## - LANGUAGE CODE
Language code of text/sound track or separate title eng
082 ## - DEWEY DECIMAL CLASSIFICATION NUMBER
Classification number 510.1 BHI/BA
100 ## - MAIN ENTRY--AUTHOR NAME
Personal name Bhirud, GN
245 ## - TITLE STATEMENT
Title Basic Polytechnic Mathematics
250 ## - EDITION STATEMENT
Edition statement First
260 ## - PUBLICATION, DISTRIBUTION, ETC. (IMPRINT)
Place of publication New Delhi:
Name of publisher Dhanpat Rai & Sons,
Year of publication 1984.
300 ## - PHYSICAL DESCRIPTION
Number of Pages 359p.
700 ## - ADDED ENTRY--PERSONAL NAME
Personal name Singh, Manjith
942 ## - ADDED ENTRY ELEMENTS (KOHA)
Koha item type Books
Holdings
Withdrawn status Lost status Damaged status Home library Current library Date acquired Source of acquisition Cost, normal purchase price Full call number Accession Number Koha item type
      KAUAET KAUAET 15/01/2025 Standard Book House, Thrissur. 22.50 510.1 BHI/BA 15289 Books
free website counter